000 00507nam a2200145Ia 4500
008 100122s9999 xx 000 0 und d
082 _b17726
_a823
100 _aमाडगूळकर ग दि
245 _aउभे धागे : आडवे धागे
260 _bपंडित अनंत कुलकर्णी
_c1972
300 _a208
630 _aउभे धागे : आडवे धागे
730 _aउभे धागे : आडवे धागे
942 _cBOOK
999 _c407362
_d407359